000 00403nam a2200157Ia 4500
008 240729s9999 xx 000 0 und d
022 _a2090-1453
245 0 _aMinimally Invasive Surgery
260 _aUnited Kingdom
260 _bHindawi Limited
650 _a Surgery
650 _aMedicine
856 _uhttps://doaj.org/toc/75727260626b459484adb6e5f580fe54
942 _2ddc
942 _cDOAJEJ
999 _c71515
_d71515
945 _a1
_bMadushi Gamage
_c1
_dMadushi Gamage